MDQL
is popping MORE tags! Check the
thread
!
Quizzes
Events
Quiz Creation
Community
Videos
Private Events
Remove Ads
Sign In
Join for FREE
Feedback
Dark Mode
Quiz Categories
Sports
Geography
Music
Movies
Television
Just For Fun
Miscellaneous
History
Literature
Language
Science
Gaming
Entertainment
Religion
Holiday
For Kids
Quiz Lab
Recent
Popular Today
Quiz Kudos Today
Editor Picks
Curator Picks
Quizzes by...
Day
Popularity
Type
Ratings
Length
Year
Community
Subscriptions
Recent Discussions
Orange Saloon
Badges
Playlists
Quests
Create
Leaderboards
Showdown
Live 5
Trivia Bingo
Activity
Puzzle Library
Sporcle Events
Private Events
Virtual Trivia
Globe League
Become a Host
Pub Owners
SporcleCon
Opinionation
Our Games
Videos
Blog
Mobile Apps
Partnerships
Remove Ads and Go Orange
Feedback
Music
Pop Music
The Beatles
Song
Album
Lyrics
Bands
Singers
Artist
Clip
Rock
Rap
Classical
Billboard
Country Music
Kpop
Taylor Swift
Music
Pop Music
The Beatles
Song
Album
Lyrics
Bands
Singers
Artist
Clip
Rock
Rap
Classical
Billboard
Country Music
Kpop
Taylor Swift
Random Quiz
Search Sporcle
×
Quiz Lab
Quiz Lab
Music
Artist
Type in answers that appear in a list
Type in answers that appear in a list
Classic
Best Score? Go Orange.
Name the Artists Stats
Given some of their chart history, can you name these famous music acts?
By
gonnarain
20m
40 Questions
24 Plays
24 Plays
24 Plays
Comments
Comments
Give Quiz Kudos
Give Quiz Kudos
-
- Ratings
hide this ad
Replay
Link that replays current quiz
Next Quiz
Link to next quiz in quiz playlist
You Got
0%
They Got
Avg Score
42%
Avg Friend Score
Upgrade to see
Score Distribution
Jump to the score distribution portion of the page
Score
0/40
Timer
20:00
0
Plays Today
Chart Info
Answer
% Correct
First Top 40: 1964 Biggest Hit: 1968 Last Top 40: 1996
The Beatles
95.8%
First Top 40: 1967 Biggest Hit: 1978 Last Top 40: 1997
Bee Gees
87.5%
First Top 40: 1970 Biggest Hit: 1997 Last Top 40: 1999
Elton John
79.2%
First Top 40: 1971 Biggest Hit: 1983 Last Top 40: 2014
Michael Jackson
75%
First Top 40: 1983 Biggest Hit: 1994 Last Top 40: 2012
Madonna
70.8%
First Top 40: 1964 Biggest Hit: 1965 Last Top 40: 1989
The Rolling Stones
70.8%
First Top 40: 1956 Biggest Hit: 1956 Last Top 40: 1981
Elvis Presley
62.5%
First Top 40: 1979 Biggest Hit: 1984 Last Top 40: 1999
Prince
58.3%
First Top 40: 1991 Biggest Hit: 1991 Last Top 40: 1995
Nirvana
58.3%
First Top 40: 1972 Biggest Hit: 1976 Last Top 40: 1995
Eagles
54.2%
No Top 40s; only charting song in 1976
Bob Marley
54.2%
First Top 40: 1984 Biggest Hit: 1987 Last Top 40: 2009
U2
50%
First Top 40: 1973 Biggest Hit: 1980 Last Top 40: 1980
Pink Floyd
50%
First Top 40: 1999 Biggest Hit: 2002 Last Top 40: 2014
Eminem
50%
First Top 40: 1972 Biggest Hit: 1976 Last Top 40: 1987
Paul Simon
45.8%
First Top 40: 1956 Biggest Hit: 1969 Last Top 40: 1976
Johnny Cash
45.8%
First Top 40: 1957 Biggest Hit: 1957 Last Top 40: 1959
Buddy Holly
45.8%
First Top 40: 1979 Biggest Hit: 1980 Last Top 40: 1982
Blondie
41.7%
First Top 40: 1963 Biggest Hit: 1977 Last Top 40: 1987
Stevie Wonder
41.7%
First Top 40: 1999 Biggest Hit: 1999 Last Top 40: 1999
Garth Brooks
41.7%
Chart Info
Answer
% Correct
First Top 40: 1979 Biggest Hit: 1982 Last Top 40: 1996
Journey
37.5%
First Top 40: 1993 Biggest Hit: 1996 Last Top 40: 2003
Tupac Shakur
37.5%
First Top 40: 2003 Biggest Hit: 2006 Last Top 40: 2016
Beyonce
37.5%
First Top 40: 1970 Biggest Hit: 1976 Last Top 40: 1991
Chicago
33.3%
First Top 40: 1973 Biggest Hit: 1974 Last Top 40: 1994
Barry White
33.3%
First Top 40: 1989 Biggest Hit: 1996 Last Top 40: 2008
Metallica
29.2%
First Top 40: 1970 Biggest Hit: 1974 Last Top 40: 1998
Eric Clapton
29.2%
First Top 40: 1968 Biggest Hit: 1969 Last Top 40: 1974
Sly and the Family Stone
29.2%
First Top 40: 1971 Biggest Hit: 1972 Last Top 40: 1989
Alice Cooper
29.2%
First Top 40: 1984 Biggest Hit: 1984 Last Top 40: 1989
Cyndi Lauper
29.2%
First Top 40: 1976 Biggest Hit: 1987 Last Top 40: 1994
Heart
25%
First Top 40: 1972 Biggest Hit: 1974 Last Top 40: 1975
Joni Mitchell
25%
First Top 40: 1970 Biggest Hit: 1970 Last Top 40: 1981
Carpenters
25%
First Top 40: 1960 Biggest Hit: 1964 Last Top 40: 1989
Roy Orbison
25%
First Top 40: 1992 Biggest Hit: 1992 Last Top 40: 2011
Red Hot Chili Peppers
20.8%
First Top 40: 1957 Biggest Hit: 1957 Last Top 40: 1965
Sam Cooke
20.8%
First Top 40: 1982 Biggest Hit: 1982 Last Top 40: 1982
Rush
16.7%
First Top 40: 1963 Biggest Hit: 1964 Last Top 40: 1976
The Supremes
16.7%
First Top 40: 1985 Biggest Hit: 1990 Last Top 40: 1997
Depeche Mode
16.7%
First Top 40: 1980 Biggest Hit: 1983 Last Top 40: 1994
The Pretenders
12.5%
Quiz Playlist
Details
Report
Send in Message
Add To Playlist
Classic:
Type in answers that appear in a list
Last Updated: Feb 16, 2017
Quiz Scoreboard
CHALLENGE
Sign Up to Join the Scoreboard
Show All
Scores
Hide
Comments
May contain spoilers
Recently Published
5x2 Blitz: Bands
by SL_Kpop136
Music
30s
Colored Red Africa Blitz
by spor1
Geography
30s
Find the 'City' Movie
by crazypaving
Movies
60s
More to Explore
Quiz From the Vault
Featured Blog Post
14 Easter Pick-up Lines to Find Eggs With
hide this ad
You Might Also Like...
Tags
Artist Quiz
Famous Quiz
Act
chart
Today's Top Quizzes in Music
Browse Music
hide this ad
Today's Top Quizzes in Artist
Browse Artist
Top Contributed Quizzes in Music
1
5X2 Blitz: Bands II
2
Taylor Swift Logic Puzzle II
3
Taylor Swift All Songs (2024)
4
5X2 Blitz: The Beatles
5
5X2 Blitz: Billboard
6
5X2 Blitz: Singers
7
5X2 Blitz: Album
8
5X2 Blitz: Rock
9
Music Artist by Three 2010s hits
10
5X2 Blitz: Billboard II
Explore More
Trending Topics
Disney
Kpop
Marvel
Anime
NBA
Harry Potter
Crossword
Soccer
Song
Country
WWE
Puzzle
NFL
The Office
Pokémon
hide this ad
More By:
gonnarain
Quiz
Plays
Rating
Category
Featured
Created
Dierks Bentley Singles
75
Music
Sep 17, 2016
Number One Artists Alternative Songs
47
Music
Sep 17, 2016
Number One Artists Country Airplay (Since 1990)
38
Music
Oct 14, 2016
Name the Artists
24
5.00
Music
Jan 21, 2017
Go to Creator's Profile
Score Distribution
Quiz Creator Spotlight
gonnarain
Follow
Send a Message
Quizzes Created
-
Created Quiz Play Count
-
More By This Creator
Popular Quizzes Today
1
Find the 'City' Movie
2
Colored Red Africa Blitz
3
Find the US States - No Outlines Minefield
4
5x2 Blitz: Bands
5
The Countries of the World
6
Find the US States
7
US States
8
9x9 Crossword: Cartoon Network
More Music Quizzes
Song, Band & Character Match
Editor's Pick
Trending Quizzes
Colored Red Europe Blitz I
Colored Red Africa Blitz II
Colored Red Europe Blitz II
Colored Red Africa Blitz III
Colored Red Europe Blitz III
Recently Updated
Famous TV Couples
Peacemaker
Champions League XIs: Real Madrid
pecheneg
Largest US Cities 1790-2010
pecheneg
Rides in Walt Disney World
pecheneg
Most Oscar Losses (Acting)
pecheneg
Beyoncé Albums
pecheneg
Leaping Animals
pecheneg
Reality TV Shows (A-Z)
bhenderson79
Rickey Henderson's Hall of Fame Teammates
pecheneg
Champions League XIs: Arsenal
pecheneg
Trending Topics
Disney
Kpop
NBA
Harry Potter
Crossword
Anime
Marvel
Soccer
Country
Pokémon
Puzzle
The Office
Song
WWE
NFL
Your Account Isn't Verified!
In order to create a playlist on Sporcle, you need to verify the email address you used during registration. Go to your
Sporcle Settings
to finish the process.
Report this User
Report this user for behavior that violates our
Community Guidelines
.
Details:
Send Report
Go to the Sporcle.com Mobile Site →
Comments